<?xml version="1.0" encoding="UTF-8"?>
<record
    xmlns:xsi="http://www.w3.org/2001/XMLSchema-instance"
    xsi:schemaLocation="http://www.loc.gov/MARC21/slim http://www.loc.gov/standards/marcxml/schema/MARC21slim.xsd"
    xmlns="http://www.loc.gov/MARC21/slim">

  <leader>00565nam a2200205 u 4500</leader>
  <controlfield tag="001">892981</controlfield>
  <controlfield tag="005">20260506152818.0</controlfield>
  <controlfield tag="008">041004nuuuuuuuu                    spa  </controlfield>
  <datafield tag="035" ind1=" " ind2=" ">
    <subfield code="a">892981</subfield>
  </datafield>
  <datafield tag="035" ind1=" " ind2=" ">
    <subfield code="a">(OCoLC)777885420</subfield>
  </datafield>
  <datafield tag="040" ind1=" " ind2=" ">
    <subfield code="c">comduadb</subfield>
  </datafield>
  <datafield tag="041" ind1=" " ind2=" ">
    <subfield code="a">spa</subfield>
  </datafield>
  <datafield tag="082" ind1=" " ind2="4">
    <subfield code="a">301</subfield>
  </datafield>
  <datafield tag="100" ind1="1" ind2="0">
    <subfield code="a">Riso, Walter,</subfield>
    <subfield code="d">1951-</subfield>
    <subfield code="4">aut</subfield>
    <subfield code="0">(isni)0000000079788507</subfield>
    <subfield code="0">(viaf)87426573</subfield>
    <subfield code="e">aut</subfield>
    <subfield code="9">255930</subfield>
  </datafield>
  <datafield tag="245" ind1="1" ind2="0">
    <subfield code="a">Jugando con fuego, amores clandestinos y otros enredos afectivos</subfield>
  </datafield>
  <datafield tag="260" ind1=" " ind2=" ">
    <subfield code="b">S.P.I.</subfield>
  </datafield>
  <datafield tag="300" ind1=" " ind2=" ">
    <subfield code="a">188 p&#xE1;ginas</subfield>
  </datafield>
  <datafield tag="650" ind1=" " ind2=" ">
    <subfield code="a">Adulterio</subfield>
    <subfield code="9">59125</subfield>
  </datafield>
  <datafield tag="942" ind1=" " ind2=" ">
    <subfield code="c">BOOK</subfield>
  </datafield>
  <datafield tag="999" ind1=" " ind2=" ">
    <subfield code="c">324392</subfield>
    <subfield code="d">324392</subfield>
  </datafield>
  <datafield tag="952" ind1=" " ind2=" ">
    <subfield code="0">0</subfield>
    <subfield code="1">0</subfield>
    <subfield code="4">0</subfield>
    <subfield code="7">0</subfield>
    <subfield code="8">GENERAL</subfield>
    <subfield code="a">B_N</subfield>
    <subfield code="b">B_N</subfield>
    <subfield code="d">2004-10-04</subfield>
    <subfield code="i">C841122</subfield>
    <subfield code="l">0</subfield>
    <subfield code="o">301.42 R595j</subfield>
    <subfield code="p">0575552</subfield>
    <subfield code="r">2023-04-25 00:00:00</subfield>
    <subfield code="t">1</subfield>
    <subfield code="w">2023-04-25</subfield>
    <subfield code="y">BOOK</subfield>
  </datafield>
  <datafield tag="952" ind1=" " ind2=" ">
    <subfield code="0">0</subfield>
    <subfield code="1">0</subfield>
    <subfield code="4">0</subfield>
    <subfield code="7">0</subfield>
    <subfield code="8">GENERAL</subfield>
    <subfield code="a">B_N</subfield>
    <subfield code="b">B_N</subfield>
    <subfield code="d">2004-10-04</subfield>
    <subfield code="i">C841123</subfield>
    <subfield code="l">0</subfield>
    <subfield code="o">301.42 R595j e2</subfield>
    <subfield code="p">0556287</subfield>
    <subfield code="r">2023-04-25 00:00:00</subfield>
    <subfield code="t">2</subfield>
    <subfield code="w">2023-04-25</subfield>
    <subfield code="y">BOOK</subfield>
  </datafield>
</record>
